000 00699nam a2200241Ia 4500
003 OSt
005 20241107093450.0
008 210716s2013 xx 000 0 und d
020 _a9788184898651
040 _cAIMIT LIBRARY
041 _aeng
082 _a005.73
_bSKIS
100 _aSkiena, Steven S.
_9180957
245 _aAlgorithm design manual /
_cBy Skiena, Steven S.
250 _a2nd ed.
260 _aNew Delhi :
_bSpringer ,
_c2013.
300 _axvi,730 p.;
_bPB
_c25 cm.
650 _aAlgorithm analysis
_9180958
650 _aSorting and searching
_9180959
650 _aDynamic programming
_9180960
650 _aComputational geometry
_9180961
942 _2ddc
_cBK
_k005.73 SKIS
999 _c193554
_d193554